Vízia technologickej zóny začala po odchode taiwanských podnikateľov žiť vlastným životom
Záhorie sa v prípade záujmu investorov a vlády môže stať najpriemyselnejším regiónom Slovenska. Dva priemyselné parky na Záhorí. Štát má dať pozemky a infraštruktúru. Pritiahnúť pozornosť investorov. Ťažko propagovať Záhorie, keď je neznáma aj Bratislava. Zdroje, z ktorých manažéri najviac získavajú...
Salvato in:
| Autore principale: | |
|---|---|
| Natura: | Capitolo di libro |
| Lingua: | slovacco |
| Soggetti: | |
| Tags: |
Nessun Tag, puoi essere il primo ad aggiungerne!!
|
MARC
| LEADER | 00000naa a2200000 4500 | ||
|---|---|---|---|
| 001 | r042145 | ||
| 005 | 20230921111611.2 | ||
| 041 | 0 | |a slo | |
| 044 | |a SK | ||
| 245 | 1 | 0 | |a Vízia technologickej zóny začala po odchode taiwanských podnikateľov žiť vlastným životom |c Peter Kremský |
| 520 | |a Záhorie sa v prípade záujmu investorov a vlády môže stať najpriemyselnejším regiónom Slovenska. Dva priemyselné parky na Záhorí. Štát má dať pozemky a infraštruktúru. Pritiahnúť pozornosť investorov. Ťažko propagovať Záhorie, keď je neznáma aj Bratislava. Zdroje, z ktorých manažéri najviac získavajú informácie o podnikateľskej klíme. | ||
| 610 | 2 | 0 | |a parky priemyselné |
| 610 | 2 | 0 | |a zóny |
| 610 | 2 | 0 | |a Záhorie |
| 610 | 2 | 0 | |a Slovensko |
| 100 | 1 | |a Kremský, Peter | |